000
003190000a22001450004500
003
MACL
040
_a
MACL
090
_c
33911
_d
33909
100
_a
Harrel, William
245
_a
Ventura 4.0 In A Day
260
_b
BPB Publications
_c
1993
350
_a
45
650
_a
Computer probraming
942
_c
BOOK
_k
005.113/Har
999
_c
33555
_d
33555